[Event "South America-ch U12 Girls 16th"]
[Site "Buenos Aires"]
[Date "2019.12.06"]
[Round "9.5"]
[White "Escobar Villota, Domenika Gabriela"]
[Black "Carvalho, Isis"]
[Result "1-0"]
[WhiteElo "1314"]
[BlackElo "1546"]
[PlyCount "143"]
[EventDate "2019.12.01"]
[EventType "swiss"]
[EventRounds "9"]
[EventCountry "ARG"]
[SourceTitle "EXT 2024"]
[Source "ChessBase"]
[SourceDate "2023.10.10"]
[SourceVersion "1"]
[SourceVersionDate "2023.10.10"]
[SourceQuality "1"]

1. e4 d6 2. Nc3 Nf6 3. d3 g6 4. g3 Bg7 5. Bg2 c6 6. Nge2 e5 7. 0-0 0-0 8. h3 a5 9. Be3 Nfd7 10. f4 f5 11. Qd2 Rf7 12. d4 Qe7 13. Rad1 Nb6 14. b3 N6d7 15. Kh2 Na6 16. fxe5 dxe5 17. exf5 gxf5 18. dxe5 Bxe5 19. Bd4 Bc7 20. Nf4 Nf6 21. Rfe1 Qf8 22. Ne6 Bxe6 23. Rxe6 Rd8 24. Qg5+ Rg7 25. Qxf6 Bxg3+ 26. Kh1 Qxf6 27. Bxf6 Rxd1+ 28. Nxd1 Rg6 29. Re7 Rxf6 30. Rxb7 Rd6 31. Ne3 f4 32. Nf1 Rd1 33. Kg1 Nc5 34. Rb8+ Kg7 35. Bxc6 f3 36. Rb5 Ne6 37. Bxf3 Rc1 38. Rxa5 Rxc2 39. Nxg3 Rc1+ 40. Kf2 Rc2+ 41. Be2 Nf4 42. Nh5+ Nxh5 43. Rxh5 Rxa2 44. b4 Kg6 45. Ra5 Rb2 46. b5 Kf6 47. Ra6+ Ke5 48. Rh6 Kd5 49. Rxh7 Kd6 50. h4 Ke6 51. h5 Kf6 52. Rh6+ Kg7 53. Rg6+ Kf7 54. b6 Ke7 55. Rg7+ Kf6 56. Rh7 Kg5 57. b7 Kf6 58. Rc7 Rb4 59. Rc6+ Kg7 60. Rc7+ Kh6 61. Kg3 Rb3+ 62. Bf3 Rb4 63. Rc8 Rxb7 64. Bxb7 Kxh5 65. Rg8 Kh6 66. Kf4 Kh5 67. Bf3+ Kh6 68. Kf5 Kh7 69. Bd5 Kh6 70. Rg1 Kh7 71. Kf6 Kh8 72. Rh1# 1-0

[Event "Sao Bento do Sul op"]
[Site "Sao Bento do Sul"]
[Date "2019.08.23"]
[Round "1"]
[White "Carvalho, Isis"]
[Black "Volkmann, Andre Jordi"]
[Result "1/2-1/2"]
[WhiteElo "1556"]
[BlackElo "2022"]
[PlyCount "128"]
[EventDate "2019.08.23"]
[EventType "swiss"]
[EventRounds "7"]
[EventCountry "BRA"]
[SourceTitle "EXT 2020"]
[Source "ChessBase"]
[SourceDate "2019.10.17"]
[SourceVersion "1"]
[SourceVersionDate "2019.10.17"]
[SourceQuality "1"]

1. Nf3 d5 2. g3 c5 3. Bg2 Nc6 4. 0-0 e5 5. d3 f6 6. Nbd2 Be6 7. c3 Nge7 8. a3 g5 9. b4 Ng6 10. e4 d4 11. cxd4 Nxd4 12. Nxd4 Qxd4 13. Rb1 cxb4 14. axb4 Qxd3 15. Re1 Kf7 16. Bf1 Qd7 17. Qf3 Be7 18. Bc4 Rhd8 19. Bxe6+ Qxe6 20. Nf1 g4 21. Qe3 Rd4 22. Qh6 Kg8 23. Bd2 Rad8 24. Bc3 Rc4 25. Qe3 Qc6 26. Rbc1 Qa4 27. Qe2 Qb3 28. Nd2 Rxd2 29. Qxd2 Kg7 30. Red1 Rxe4 31. Qd7 Rc4 32. Be1 Rxc1 33. Rxc1 Qf3 34. Rc3 Qe4 35. Re3 Qb1 36. Qxb7 a5 37. Qe4 Qxe4 38. Rxe4 f5 39. Rc4 axb4 40. Bxb4 Bxb4 41. Rxb4 Kf6 42. Kf1 f4 43. Ke1 h5 44. f3 Kf5 45. Kf2 Kg5 46. Re4 gxf3 47. Kxf3 h4 48. gxf4+ exf4 49. h3 Kf5 50. Re8 Ne5+ 51. Kf2 Ke4 52. Rh8 Ng6 53. Rh6 Kf5 54. Rh5+ Ke4 55. Rg5 Ne5 56. Rh5 Ng6 57. Rh6 Kf5 58. Kf3 Ne5+ 59. Kf2 Ng6 60. Rh7 Ke4 61. Rg7 Kf5 62. Ra7 Ne5 63. Ra6 Ng6 64. Ra5+ Ne5 1/2-1/2

[Event "BRA-ch Amateur U1600"]
[Site "Sao Paulo"]
[Date "2019.06.22"]
[Round "5"]
[White "Carneiro, Thomas Sobral"]
[Black "Carvalho, Isis"]
[Result "0-1"]
[WhiteElo "1503"]
[BlackElo "1400"]
[PlyCount "96"]
[EventDate "2019.06.20"]
[EventType "swiss"]
[EventRounds "7"]
[EventCountry "BRA"]
[SourceTitle "CBM 195 Extra"]
[Source "ChessBase"]
[SourceDate "2020.05.31"]
[SourceVersion "1"]
[SourceVersionDate "2020.05.31"]
[SourceQuality "1"]

1. e4 d6 2. d4 Nf6 3. Nc3 g6 4. f4 Bg7 5. Nf3 0-0 6. e5 Nfd7 7. Bc4 Nb6 8. Bb3 d5 9. Qe2 Nc6 10. a4 Na5 11. Ba2 Bf5 12. h3 h5 13. Rg1 Qd7 14. Nh4 Nc6 15. Nxf5 Qxf5 16. Nxd5 Nxd5 17. Bxd5 Nxd4 18. Be4 Nxe2 19. Bxf5 Nxg1 20. Bd3 a5 21. h4 f6 22. e6 g5 23. Kf1 g4 24. Bg6 f5 25. Kxg1 Bd4+ 26. Kf1 Kg7 27. Bf7 g3 28. Ke2 Rad8 29. Ra3 Bf2 30. Rc3 c6 31. b3 Rd4 32. Bb2 Re4+ 33. Re3+ Kh6 34. Rxe4 fxe4 35. Bf6 Bc5 36. Bg5+ Kg7 37. Bxh5 Rd8 38. f5 b5 39. Bf7 e3 40. Bxe3 Bxe3 41. Kxe3 Rd5 42. Bg6 Rd1 43. Kf4 bxa4 44. bxa4 Rd4+ 45. Kxg3 Rxa4 46. h5 Rb4 47. h6+ Kxh6 48. f6 Kxg6 0-1

[Event "BRA-ch Amateur U1600"]
[Site "Sao Paulo"]
[Date "2019.06.21"]
[Round "4"]
[White "Carvalho, Isis"]
[Black "De Paula, Bruno Cesar Lima"]
[Result "1-0"]
[WhiteElo "1400"]
[BlackElo "1513"]
[PlyCount "79"]
[EventDate "2019.06.20"]
[EventType "swiss"]
[EventRounds "7"]
[EventCountry "BRA"]
[SourceTitle "CBM 195 Extra"]
[Source "ChessBase"]
[SourceDate "2020.05.31"]
[SourceVersion "1"]
[SourceVersionDate "2020.05.31"]
[SourceQuality "1"]

1. Nf3 d5 2. g3 e6 3. Bg2 f5 4. d3 Nf6 5. Nbd2 Be7 6. 0-0 0-0 7. b3 Qe8 8. Bb2 Nbd7 9. Re1 Bc5 10. Ne5 Nxe5 11. Bxe5 Bxf2+ 12. Kxf2 Ng4+ 13. Kg1 Nxe5 14. Nf3 Nxf3+ 15. exf3 Bd7 16. f4 Bc6 17. d4 Qd7 18. Qd2 Qd6 19. Re5 Bd7 20. Rb1 a5 21. c4 c6 22. Bf1 c5 23. Bg2 Bc6 24. Rbe1 Rfe8 25. Kf1 Kf7 26. cxd5 Bb5+ 27. Kg1 g6 28. dxe6+ Kf6 29. d5 b6 30. e7 Kf7 31. Re6 Qd7 32. Qc3 Ra7 33. Rf6+ Kg8 34. d6 Bc6 35. Qc4+ Kg7 36. Qf7+ Kh6 37. Bxc6 Qxc6 38. Ree6 Rexe7 39. Rxg6+ Kh5 40. Qxf5# 1-0

[Event "Florianopolis op 5th"]
[Site "Florianopolis"]
[Date "2019.01.23"]
[Round "4"]
[White "Carvalho, Isis"]
[Black "Sanchez, Ivan Roberto"]
[Result "0-1"]
[WhiteElo "1396"]
[BlackElo "1703"]
[PlyCount "112"]
[EventDate "2019.01.21"]
[EventType "swiss"]
[EventRounds "10"]
[EventCountry "BRA"]
[SourceTitle "CBM 188 Extra"]
[Source "ChessBase"]
[SourceDate "2019.02.28"]
[SourceVersion "1"]
[SourceVersionDate "2019.02.28"]
[SourceQuality "1"]

1. Nf3 d5 2. g3 Bf5 3. Bg2 e6 4. 0-0 h6 5. d3 Nf6 6. Nbd2 Be7 7. Re1 0-0 8. c3 c5 9. a4 Nc6 10. Nh4 Bh7 11. e4 dxe4 12. dxe4 Ne5 13. Qe2 Nd3 14. Rd1 Nxc1 15. Raxc1 Qc7 16. Nc4 Rad8 17. e5 Nd5 18. Qg4 Nb6 19. a5 Nxc4 20. Qxc4 Qxa5 21. Bxb7 Qc7 22. Bg2 Qxe5 23. Nf3 Qb8 24. Ne5 Qxe5 25. Re1 Qd6 26. Ra1 Qb6 27. b3 Bd3 28. Qa4 Bc2 29. Qxa7 Qxa7 30. Rxa7 Bf6 31. Bf3 Bxb3 32. Rc7 Bd5 33. Bxd5 Rxd5 34. c4 Rd2 35. Rf1 Bd4 36. Rc6 Ra8 37. Rb6 Raa2 38. Rb8+ Kh7 39. Rf8 Kg6 40. h4 h5 41. Rh8 Rxf2 42. Rxf2 Rxf2 43. Kh1 Be3 44. Rd8 Rc2 45. Rd3 Bd4 46. Rd1 Rxc4 47. Kg2 Rc3 48. Rd2 e5 49. Ra2 Rc1 50. Ra6+ f6 51. Rc6 c4 52. Kf3 c3 53. Ke2 Rc2+ 54. Kd1 Rg2 55. g4 Rd2+ 56. Kc1 hxg4 0-1

[Event "Curitiba Fexpar op 1st"]
[Site "Curitiba"]
[Date "2018.11.03"]
[Round "4"]
[White "Chang, Suzana"]
[Black "Carvalho, Isis"]
[Result "1-0"]
[WhiteElo "1968"]
[BlackElo "1319"]
[PlyCount "133"]
[EventDate "2018.11.02"]
[EventType "swiss"]
[EventRounds "7"]
[EventCountry "BRA"]
[SourceTitle "EXT 2020"]
[Source "ChessBase"]
[SourceDate "2019.10.17"]
[SourceVersion "1"]
[SourceVersionDate "2019.10.17"]
[SourceQuality "1"]

1. e4 d6 2. d4 Nf6 3. Nc3 g6 4. h3 Bg7 5. Be3 c6 6. a4 Nbd7 7. Nf3 a5 8. Be2 Qb6 9. Rb1 Qb4 10. 0-0 0-0 11. Ne1 Qb6 12. Qd2 c5 13. d5 Qb4 14. f3 Ne5 15. Bh6 Nc4 16. Bxc4 Qxc4 17. Bxg7 Kxg7 18. Qe2 Qd4+ 19. Qf2 Nh5 20. Qxd4+ cxd4 21. Ne2 Bd7 22. b3 Rfb8 23. Nxd4 b5 24. axb5 Bxb5 25. c4 Bxc4 26. Rf2 a4 27. b4 a3 28. Nc6 Rb6 29. Rc2 Bb3 30. Rc3 a2 31. Ra1 Ba4 32. Nxe7 Rxb4 33. Rxa2 Rab8 34. Nc8 Bb3 35. Rb2 Ba4 36. Rxb4 Rxb4 37. Nd3 Rb1+ 38. Kf2 Bb5 39. g4 Nf6 40. Nxd6 Bxd3 41. Rxd3 Rb2+ 42. Kg3 h5 43. e5 Nd7 44. f4 Nc5 45. Rc3 Rb3 46. Rxb3 Nxb3 47. gxh5 gxh5 48. Ne4 Nd4 49. Nf6 Nf5+ 50. Kf3 Kg6 51. Ke4 Ne7 52. h4 Kh6 53. Ng8+ Kg7 54. Nxe7 Kf8 55. d6 Ke8 56. Kf5 Kd7 57. Kf6 Ke8 58. f5 Kd7 59. Kxf7 Kd8 60. Kg6 Kd7 61. Kxh5 Ke8 62. e6 Kd8 63. Kg6 Ke8 64. h5 Kd8 65. h6 Ke8 66. h7 Kd8 67. h8Q# 1-0

[Event "Caioba Telecom op"]
[Site "Caioba"]
[Date "2018.08.02"]
[Round "4"]
[White "Fontes, Joao Marques"]
[Black "Carvalho, Isis"]
[Result "0-1"]
[WhiteElo "1358"]
[BlackElo "1403"]
[PlyCount "66"]
[EventDate "2018.08.01"]
[EventType "swiss"]
[EventRounds "9"]
[EventCountry "BRA"]
[SourceTitle "CBM 186 Extra"]
[Source "ChessBase"]
[SourceDate "2018.08.24"]
[SourceVersion "1"]
[SourceVersionDate "2018.08.24"]
[SourceQuality "1"]

1. e4 d6 2. Nf3 Nf6 3. Nc3 g6 4. d4 Bg7 5. Be3 c6 6. Be2 Nbd7 7. Qd2 a5 8. a4 Ng4 9. Bf4 e5 10. Bg3 Qb6 11. Rb1 exd4 12. Nxd4 Bxd4 13. Bxg4 Ne5 14. Bxc8 Rxc8 15. 0-0 h5 16. Bxe5 dxe5 17. Qg5 Qb4 18. Qf6 0-0 19. h3 Bxc3 20. bxc3 Qxe4 21. Rbe1 Qxa4 22. Re3 Qxc2 23. Rfe1 Rce8 24. f4 Re6 25. Qg5 Rfe8 26. R1e2 Qa4 27. f5 Rd6 28. Rf3 e4 29. Rf4 Qd1+ 30. Kh2 Qxe2 31. f6 Rd2 32. Rh4 Re5 33. Qg3 a4 0-1

[Event "Pan American-ch U12 Girls"]
[Site "Santiago de Chile"]
[Date "2018.07.24"]
[Round "4"]
[White "Carvalho, Isis"]
[Black "Stephenson, Amy"]
[Result "1-0"]
[WhiteElo "1412"]
[BlackElo "1311"]
[PlyCount "67"]
[EventDate "2018.07.22"]
[EventType "swiss"]
[EventRounds "9"]
[EventCountry "CHI"]
[SourceTitle "EXT 2022"]
[Source "ChessBase"]
[SourceDate "2021.10.06"]
[SourceVersion "1"]
[SourceVersionDate "2021.10.06"]
[SourceQuality "1"]

1. Nf3 Nf6 2. g3 e6 3. Bg2 d5 4. 0-0 Bd6 5. d3 Nbd7 6. Nbd2 Ne5 7. e4 c6 8. Re1 Nfd7 9. Qe2 Qe7 10. Nxe5 Nxe5 11. d4 Ng6 12. exd5 cxd5 13. Qb5+ Kd8 14. Bxd5 Qc7 15. Be4 Rb8 16. Nc4 Bd7 17. Qb3 f5 18. Bf3 Be7 19. Bh5 b6 20. Bxg6 Rc8 21. Ne5 hxg6 22. Nf7+ Ke8 23. Bf4 Qxc2 24. Nxh8 Qc6 25. Nxg6 Bf6 26. Rac1 Qb7 27. Rxe6+ Bxe6 28. Qxe6+ Kd8 29. Qd6+ Ke8 30. Qf8+ Kd7 31. Qf7+ Kd8 32. Qxb7 Ke8 33. Rxc8+ Bd8 34. Qe7# 1-0

[Event "BRA-ch U12 Girls"]
[Site "Florianopolis"]
[Date "2018.04.30"]
[Round "5"]
[White "Taninaga, Isabella Miki Nakam"]
[Black "Carvalho, Isis"]
[Result "0-1"]
[WhiteElo "1324"]
[BlackElo "1437"]
[PlyCount "46"]
[EventDate "2018.04.28"]
[EventType "swiss"]
[EventRounds "6"]
[EventCountry "BRA"]
[SourceTitle "EXT 2021"]
[Source "ChessBase"]
[SourceDate "2020.10.23"]
[SourceVersion "1"]
[SourceVersionDate "2020.10.23"]
[SourceQuality "1"]

1. d4 Nf6 2. Nc3 g6 3. e4 d6 4. Bg5 Bg7 5. e5 Nfd7 6. e6 fxe6 7. Nf3 Nf6 8. Bc4 c6 9. Qe2 d5 10. Bd3 Nbd7 11. Qxe6 Nc5 12. Qe3 Nxd3+ 13. Qxd3 Bf5 14. Qd2 Ne4 15. Qd1 Nxg5 16. Nxg5 e5 17. Nf3 Qe7 18. dxe5 0-0 19. 0-0 Bg4 20. Qd4 Bxf3 21. gxf3 Bxe5 22. Qe3 d4 23. Qd2 Qh4 0-1